000 00666cam a2200241 a 4500
001 27176
003 BD-RjUL
005 20211209051125.0
008 140324s1980 bg 000 0 eng
035 _a(BD-RjUL)27248
040 _aDLC
_cDLC
_dDLC
_dBD-RjUL
_beng
041 _aeng
082 0 0 _a954.9205
_219
_bUMT 1980
100 1 _aUmara, Badaruddīna,
_d1931-
_979264
245 1 0 _aTowards the emergency /
_cBadruddin Umar.
250 _a1st ed.
260 _aDacca :
_bMuktadhara,
_c1980.
300 _a171 p. ;
_c22 cm.
651 0 _aBangladesh
_xPolitics and government
_y1971-
_983414
942 _2ddc
_cBK
999 _c27176
_d27176